000 00658nam a22002297a 4500
005 20170124110033.0
010 _a180618
020 _c00.00
035 _a180618
037 _bCen Lib/Ret
040 _aDPL
_bEN
082 _a371.3
_bGUR
100 _aGurrey, P
_922032
245 _aThe teaching of written english /
_cby P. Gurrey
260 _aLondon
_bLongmans, Green
_c1959
270 _a6 and 7 Clifford Street
_bLondon
300 _avii,238p.
_c21cm(Hb)
500 _aIncludes bibliography
650 _aSpecial education
_9102366
650 _aStory-telling and character drawing
_922034
942 _2ddc
_cEN
_h371.3
_mGUR
999 _c127961
_d127961